000 00377nam a2200181Ia 4500
003 0100
008 130227s9999 xx 000 0 und d
040 _cARRUPELIB
050 _aJC571.W425
100 _aWhite, Alan R.
245 _aRights
260 _aOxford
260 _bClarendon Press
260 _C1984
300 _a186p.
300 _b 23 cm
942 _2lcc
_03
999 _c3652
_d3652